| 000 | 00644nam a22002293a 4500 | ||
|---|---|---|---|
| 005 | 20240808063719.0 | ||
| 008 | 010531s19901997mx fr 000 0 spa d | ||
| 020 | _a968243386X | ||
| 035 | _aUPN01000116625 | ||
| 049 | _aCG | ||
| 050 | 4 |
_aQA276.12 _bJ6.48 1990 |
|
| 100 | 1 |
_aJohnson, Robert Rusell, _d1939- |
|
| 245 | 1 | 0 |
_aEstadística elemental / _cRobert Johnson ; tr. Ricardo Vinos Cruz L. |
| 250 | _a2a ed. | ||
| 260 |
_aMéxico : _bTrillas, _c1990 (reimp. 1997) |
||
| 300 | _a515 p. | ||
| 534 |
_pTraducción de: _tElementary statistics. |
||
| 650 | 4 |
_aEstadística _92988 |
|
| 901 | _a172452 | ||
| 902 | _aLG/npd | ||
| 905 | _aLibro | ||
| 999 |
_c89362 _d89362 |
||